000
00301nam a22001337a 4500
020
_a
9788120349322
082
_a
621.3822 NAV
100
_a
Navas, K.A.
245
_a
LAB primer through MATLAB
260
_a
New Delhi
_b
PHI learning
_c
2014
300
_a
345 p.
700
_a
K.A.Navas
942
_c
BK
999
_c
490577
_d
490577